书目信息 |
| 题名: |
《毛泽东思想和中国特色社会主义理论体系概论》课内实践教程
|
|
| 作者: | 甘剑斌 , 郑芸 , 姜建成 主编 | |
| 分册: | ||
| 出版信息: | 苏州 苏州大学出版社 2015.08 |
|
| 页数: | 262页 | |
| 开本: | 24cm | |
| 丛书名: | ||
| 单 册: | ||
| 中图分类: | A84 , D616 | |
| 科图分类: | ||
| 主题词: | 毛泽东思想--教材 , 中国特色社会主义--教材 | |
| 电子资源: | ||
| ISBN: | 978-7-5672-1457-6 | |
| 000 | 01072nam0 2200289 450 | |
| 001 | 0120151653839 | |
| 005 | 20160614143904.95 | |
| 010 | @a978-7-5672-1457-6@dCNY34.00 | |
| 100 | @a20150923d2015 em y0chiy50 ea | |
| 101 | 0 | @achi |
| 102 | @aCN@b320000 | |
| 105 | @ay z 000yy | |
| 106 | @ar | |
| 200 | 1 | @a《毛泽东思想和中国特色社会主义理论体系概论》课内实践教程@9《 mao ze dong si xiang he zhong guo te se she hui zhu yi li lun ti xi gai lun 》 ke nei shi jian jiao cheng@f甘剑斌,郑芸,姜建成主编 |
| 210 | @a苏州@c苏州大学出版社@d2015.08 | |
| 215 | @a262页@d24cm | |
| 330 | @a本书共分为十个专题,主要内容包括:马克思主义中国化及其理论成果、建设中国特色社会主义总依据、建设中国特色社会主义总任务、中国特色社会主义改革开放等。 | |
| 333 | @a高校师生 | |
| 606 | 0 | @a毛泽东思想@j教材 |
| 606 | 0 | @a中国特色社会主义@j教材 |
| 690 | @aA84@v5 | |
| 690 | @aD616@v5 | |
| 701 | 0 | @a甘剑斌@9gan jian bin@4主编 |
| 701 | 0 | @a郑芸@9zheng yun@4主编 |
| 701 | 0 | @a姜建成@9jiang jian cheng@4主编 |
| 801 | 0 | @aCN@b人天书店@c20150923 |
| 905 | @b879304-09@dA84@e145@f6 | |
| 《毛泽东思想和中国特色社会主义理论体系概论》课内实践教程/甘剑斌,郑芸,姜建成主编.-苏州:苏州大学出版社,2015.08 |
| 262页;24cm |
| 使用对象:高校师生 |
| ISBN 978-7-5672-1457-6:CNY34.00 |
| 本书共分为十个专题,主要内容包括:马克思主义中国化及其理论成果、建设中国特色社会主义总依据、建设中国特色社会主义总任务、中国特色社会主义改革开放等。 |
| ● |
| 相关链接 |
|
|
|
|
正题名:《毛泽东思想和中国特色社会主义理论体系概论》课内实践教程
索取号:A84/145
 
预约/预借
| 序号 | 登录号 | 条形码 | 馆藏地/架位号 | 状态 | 备注 |
| 1 | 879304 | 208793046 | 第一样本阅览室/ [索取号:A84/145] | 在馆 | |
| 2 | 879305 | 208793055 | 教育系资料室/ [索取号:A84/145] | 在馆 | |
| 3 | 879306 | 208793064 | 教育系资料室/ [索取号:A84/145] | 在馆 | |
| 4 | 879307 | 208793073 | 教育系资料室/ [索取号:A84/145] | 在馆 | |
| 5 | 879308 | 208793082 | 第一借阅区/ [索取号:A84/145] | 在馆 | |
| 6 | 879309 | 208793091 | 第一借阅区/ [索取号:A84/145] | 在馆 |